000 01064nam a22003257a 4500
003 CHAP
005 20220329135920.0
008 971013s1949 r 00010 d
010 _a44042
011 _a45014
035 _a49153
040 _cCHAP
090 _aTesis
100 0 0 _aTamez González, Enrique.
_9111554
245 _aEstudio comparativo de los distintos métodos de cálculo de curvas de remanso. Influencia del coeficiente de rugosidad
260 _aChapingo, Méx. :
_bEl autor,
_c1949
300 _a19 p.
502 _aTesis (Ing. Agr. Esp. en Irrigación) -- ENA
590 _aALEPH
_b10
_c20130110
_lUCH01
_h1313
590 _aBATCH-UPD
_b10
_c20130110
_lUCH01
_h1536
590 _aBATCH-UPD
_b10
_c20130410
_lUCH01
_h0940
590 _aBATCH-UPD
_b10
_c20130914
_lUCH01
_h0831
590 _aCONVERSION
_b10
_c20130109
_lUCH01
_h1324
650 1 4 _aCanales.
_918255
650 1 4 _aMecánica de fluídos.
_973821
901 _aBK
942 _cFOLL
949 _bBC
_cTES
_d-110956
_eTS1
_i49153
_si
949 _bBC
_cTES
_d-110957
_eTS2
_fc.2
_i49153
_si
999 _c44042
_d44042